Die Top 16 der PDC Order of Merit 2012 - Statistiken

Allgemein
  • Dieses Quiz wurde 21 mal gespielt
  • Das Durchschnittsergebnis liegt bei 11 aus 16
Antwortstatistiken
Weltranglistenplatz Land Dartsspieler % Korrekt
5 Schottland Gary Anderson
100%
1 England Phil Taylor
100%
13 Niederlande Raymond van Barneveld
100%
3 England James Wade
94%
7 Niederlande Michael van Gerwen
94%
4 Australien Simon Whitlock
94%
2 England Adrian Lewis
89%
11 Wales Mark Webster
67%
12 England Dave Chisnall
56%
16 Australien Paul Nicholson
56%
10 England Terry Jenkins
56%
14 England Mervyn King
50%
6 England Wes Newton
50%
9 England Justin Pipe
44%
15 England Kevin Painter
44%
8 England Andy Hamilton
39%
Keine übereinstimmenden Quizze gefunden
Verteilung der Resultate
Anzahl Personen mit jedem Resultat
Perzentil nach korrekt beantworteten Fragen
Ihre Resultats-Entwicklung
Sie haben dieses Quiz noch nicht gespielt